00539nam a2200181 a 45000010010000000030011000100080041000210350026000620820014000881000021001022450036001232600042001596500018002019420012002199520091002319980020003229990015003420000-8785ELIB.Books110520 1998  a(ELIB.Books)0000-8931 a224 bGow aGowan, Donald E. aTheology of the Prophetic Books bLondon: Westminister John Knox c1998 aOld Testament 2ddccBK 00102ddc4070aKBTSbKBTSd2011-05-20l0p11354r2022-01-22 00:00:00w2022-01-22yBK cbate2011-05-20 c8785d8785